[Event "Stuttgart-chA int"]
[Site "Ditzingen"]
[Date "2010.05.15"]
[Round "6"]
[White "Hirschfeld, Dennis"]
[Black "Lerner, Juergen"]
[Result "1-0"]
[WhiteElo "1980"]
[BlackElo "1884"]
[PlyCount "115"]
[EventDate "2010.05.13"]
[EventType "swiss"]
[EventRounds "7"]
[EventCountry "GER"]
[SourceTitle "EXT 2018"]
[Source "ChessBase"]
[SourceDate "2017.10.13"]
[SourceVersion "1"]
[SourceVersionDate "2017.10.13"]
[SourceQuality "1"]

1. d4 Nf6 2. c4 g6 3. Nc3 Bg7 4. Nf3 0-0 5. Bf4 d6 6. e3 Nbd7 7. Be2 Re8 8. 0-0 Nh5 9. Bg5 h6 10. Bh4 Nhf6 11. Bg3 Nh5 12. Bh4 c6 13. h3 Qc7 14. Nd2 Nhf6 15. Bg3 e5 16. Rb1 a5 17. a3 Nh7 18. Nf3 f5 19. b4 Ndf6 20. c5 Nd7 21. cxd6 Qxd6 22. Bc4+ Kh8 23. dxe5 Qe7 24. Qb3 Nxe5 25. Nxe5 Bxe5 26. Bf7 Rd8 27. Bxe5+ Qxe5 28. Rfd1 Rd6 29. Rxd6 Qxd6 30. Rd1 Qf6 31. Na4 Ng5 32. Nb6 Rb8 33. Nxc8 Nxf7 34. Nb6 Rd8 35. Rxd8+ Qxd8 36. Qb2+ Kh7 37. bxa5 Qd1+ 38. Kh2 Qd6+ 39. f4 h5 40. Nc4 Qe7 41. Qb4 Qxb4 42. axb4 Kg7 43. g4 hxg4 44. hxg4 Kf6 45. Kg3 Ke6 46. gxf5+ gxf5 47. Kf3 Nh6 48. e4 fxe4+ 49. Kxe4 Nf5 50. Ne3 Ne7 51. f5+ Kf6 52. Kf4 Nc8 53. Ng4+ Ke7 54. Ke5 Kf7 55. f6 Kf8 56. Ke6 Ke8 57. Ne5 Kf8 58. Nd7+ 1-0

[Event "Stuttgart-chA int"]
[Site "Ditzingen"]
[Date "2010.05.15"]
[Round "5"]
[White "Lerner, Juergen"]
[Black "Lumsdon, Andrew"]
[Result "0-1"]
[WhiteElo "1884"]
[BlackElo "2081"]
[PlyCount "102"]
[EventDate "2010.05.13"]
[EventType "swiss"]
[EventRounds "7"]
[EventCountry "GER"]
[SourceTitle "EXT 2018"]
[Source "ChessBase"]
[SourceDate "2017.10.13"]
[SourceVersion "1"]
[SourceVersionDate "2017.10.13"]
[SourceQuality "1"]

1. d4 Nf6 2. c4 c5 3. d5 b5 4. cxb5 a6 5. b6 d6 6. Nc3 g6 7. a4 Qxb6 8. a5 Qc7 9. e4 Bg7 10. Bc4 0-0 11. f4 Nbd7 12. Nf3 Rb8 13. 0-0 Rb4 14. Qe2 Qa7 15. Na4 Ng4 16. h3 Bd4+ 17. Nxd4 cxd4 18. Bd3 Ne3 19. Bxe3 dxe3 20. Rf3 Qd4 21. Nb6 Rxb2 22. Qxe3 Qxe3+ 23. Rxe3 Nxb6 24. axb6 Rxb6 25. Be2 Bb7 26. Rc3 e6 27. dxe6 fxe6 28. g3 Bxe4 29. Rxa6 Rxa6 30. Bxa6 Ra8 31. Rc8+ Rxc8 32. Bxc8 Kf7 33. Kf2 Kf6 34. Ke3 Bg2 35. h4 e5 36. fxe5+ Kxe5 37. Bd7 d5 38. Bc8 d4+ 39. Kd3 Bf1+ 40. Kd2 Bc4 41. Bg4 Ke4 42. Bd1 d3 43. Bg4 h5 44. Bd1 Be6 45. Ba4 Kf3 46. Kxd3 Kxg3 47. Ke3 Kxh4 48. Kf2 Bd5 49. Kg1 Kg3 50. Be8 h4 51. Bxg6 h3 0-1

[Event "Stuttgart-chA int"]
[Site "Ditzingen"]
[Date "2010.05.13"]
[Round "1"]
[White "Lerner, Juergen"]
[Black "Osmanovic, Faruk"]
[Result "1/2-1/2"]
[WhiteElo "1884"]
[BlackElo "2104"]
[PlyCount "75"]
[EventDate "2010.05.13"]
[EventType "swiss"]
[EventRounds "7"]
[EventCountry "GER"]
[SourceTitle "EXT 2018"]
[Source "ChessBase"]
[SourceDate "2017.10.13"]
[SourceVersion "1"]
[SourceVersionDate "2017.10.13"]
[SourceQuality "1"]

1. d4 Nf6 2. c4 e6 3. Nf3 b6 4. g3 Bb7 5. Bg2 Be7 6. 0-0 0-0 7. Nc3 Ne4 8. Qc2 Nxc3 9. Qxc3 d6 10. b3 Nd7 11. Bb2 Nf6 12. Rfd1 Be4 13. Nd2 Bxg2 14. Kxg2 d5 15. Re1 c5 16. dxc5 Bxc5 17. cxd5 Qxd5+ 18. e4 Qh5 19. Qf3 Qxf3+ 20. Nxf3 Rfd8 21. e5 Ng4 22. Re2 Rd7 23. Bc1 Rd1 24. h3 Nh6 25. Rd2 Rd8 26. Rxd8+ Rxd8 27. Bxh6 gxh6 28. Kf1 Kg7 29. Ke2 f6 30. exf6+ Kxf6 31. Ne1 e5 32. Nd3 Ba3 33. f3 a5 34. Rd1 Rg8 35. Nf2 Ke6 36. Ne4 Rc8 37. Rd3 Bb4 38. Kd1 1/2-1/2

[Event "Stuttgart-chB int"]
[Site "Ditzingen"]
[Date "2009.05.24"]
[Round "7"]
[White "Zimmermann, Tobias"]
[Black "Lerner, Juergen"]
[Result "1/2-1/2"]
[WhiteElo "1729"]
[BlackElo "1874"]
[PlyCount "31"]
[EventDate "2009.05.21"]
[EventType "swiss"]
[EventRounds "7"]
[EventCountry "GER"]
[SourceTitle "EXT 2018"]
[Source "ChessBase"]
[SourceDate "2017.10.13"]
[SourceVersion "1"]
[SourceVersionDate "2017.10.13"]
[SourceQuality "1"]

1. e4 c6 2. d4 d5 3. exd5 cxd5 4. c4 Nf6 5. Nc3 e6 6. Nf3 Bb4 7. a3 Be7 8. Bd3 dxc4 9. Bxc4 0-0 10. 0-0 Qc7 11. Qe2 a6 12. Re1 Bd6 13. Bg5 Nbd7 14. Rac1 Re8 15. Ne4 Nxe4 16. Qxe4 1/2-1/2

[Event "Stuttgart-chB int"]
[Site "Ditzingen"]
[Date "2009.05.23"]
[Round "5"]
[White "Riegel, Frank"]
[Black "Lerner, Juergen"]
[Result "1/2-1/2"]
[WhiteElo "1811"]
[BlackElo "1874"]
[PlyCount "100"]
[EventDate "2009.05.21"]
[EventType "swiss"]
[EventRounds "7"]
[EventCountry "GER"]
[SourceTitle "EXT 2018"]
[Source "ChessBase"]
[SourceDate "2017.10.13"]
[SourceVersion "1"]
[SourceVersionDate "2017.10.13"]
[SourceQuality "1"]

1. e4 c6 2. d4 d5 3. Nc3 dxe4 4. Nxe4 Bf5 5. Ng3 Bg6 6. h4 h6 7. Nf3 Nf6 8. h5 Bh7 9. Bd3 Bxd3 10. Qxd3 e6 11. Bd2 Bd6 12. Ne4 Nxe4 13. Qxe4 Nd7 14. Qg4 Qf6 15. 0-0-0 0-0-0 16. c4 c5 17. Bc3 Qf4+ 18. Qxf4 Bxf4+ 19. Kc2 f6 20. g3 Bc7 21. Rhe1 cxd4 22. Nxd4 Nc5 23. Nxe6 Rxd1 24. Kxd1 Bb6 25. Nxc5 Bxc5 26. Re2 Rd8+ 27. Kc2 a6 28. b4 Bf8 29. a4 Kc7 30. Re6 Kd7 31. Re4 Kc7 32. Bd2 Kc6 33. b5+ axb5 34. axb5+ Kc7 35. Re6 Bc5 36. Be3 Bxe3 37. Rxe3 Rd7 38. Re6 b6 39. Kc3 Kb7 40. c5 bxc5 41. Kc4 Rd2 42. Kxc5 Rc2+ 43. Kd5 Rxf2 44. Re7+ Kb6 45. Rxg7 Rf5+ 46. Ke6 Rxh5 47. g4 Rh4 48. Kxf6 Kxb5 49. Kf5 Kc5 50. Rh7 Kd5 1/2-1/2

[Event "Stuttgart-chB int"]
[Site "Ditzingen"]
[Date "2009.05.21"]
[Round "3"]
[White "Baelz, Juergen"]
[Black "Lerner, Juergen"]
[Result "1/2-1/2"]
[WhiteElo "1776"]
[BlackElo "1874"]
[PlyCount "38"]
[EventDate "2009.05.21"]
[EventType "swiss"]
[EventRounds "7"]
[EventCountry "GER"]
[SourceTitle "EXT 2018"]
[Source "ChessBase"]
[SourceDate "2017.10.13"]
[SourceVersion "1"]
[SourceVersionDate "2017.10.13"]
[SourceQuality "1"]

1. Nf3 Nf6 2. c4 g6 3. b4 Bg7 4. Bb2 0-0 5. g3 d6 6. Bg2 e5 7. d3 c6 8. 0-0 Nbd7 9. Qc2 Nh5 10. Nc3 f5 11. e3 Ndf6 12. b5 Bd7 13. a4 Qc7 14. Rac1 Rac8 15. Qb3 Be6 16. Ng5 Bd7 17. Ne2 h6 18. c5+ d5 19. Nf3 Rfe8 1/2-1/2